Statistics for Astronomy Tile Select

Click here to take the quiz!

General Stats

  • This quiz has been taken 1,264 times
    (756 since last reset)
  • The average score is 50 of 66

Answer Stats

QuestionTileSelect% Correct
of the following are planets (officially as of 2006)?CeresNo
99%
of the following are planets (officially as of 2006)?ErisNo
99%
of the following are planets (officially as of 2006)?IoNo
99%
of the following are planets (officially as of 2006)?NemesisNo
99%
of the following are planets (officially as of 2006)?The MoonNo
99%
of the following are planets (officially as of 2006)?TitanNo
99%
of the following are planets (officially as of 2006)?VestaNo
99%
of the following are planets (officially as of 2006)?EarthYes
98%
of the following are planets (officially as of 2006)?MercuryYes
98%
of the following are planets (officially as of 2006)?NeptuneYes
98%
of the following are planets (officially as of 2006)?SaturnYes
98%
of the following are planets (officially as of 2006)?SednaNo
98%
of the following are planets (officially as of 2006)?VenusYes
98%
of the following are planets (officially as of 2006)?JupiterYes
97%
of the following are planets (officially as of 2006)?UranusYes
97%
of the following are active stars?VenusNo
96%
of the following are active stars?VoyagerNo
95%
of the following are active stars?TriangulumNo
91%
of the following are planets (officially as of 2006)?PlutoNo
90%
of the following are active stars?The SunYes
90%
of the following are active stars?AndromedaNo
88%
of the following are active stars?SiriusYes
86%
Have man-made machines (or actual humans) orbited, landed on, or flown by (or crashed into)?The MoonYes
84%
Have man-made machines (or actual humans) orbited, landed on, or flown by (or crashed into)?MarsYes
83%
of the following are active stars?Alpha CentauriYes
82%
of the following are active stars?BetelgeuseYes
82%
of these statements are correct?Charles Darwin discovered that Stars are a type of lifeformNo
81%
Have man-made machines (or actual humans) orbited, landed on, or flown by (or crashed into)?EarthYes
81%
of the following are active stars?Georgium SidisNo
81%
of the following are active stars?PolarisYes
80%
of these statements are correct?Thomas Edison discovered the planet UranusNo
80%
of these statements are correct?Alexander Graham Bell made the first telephone call to a man in spaceNo
79%
of these statements are correct?Marie Curie recorded a solar flare for the first timeNo
79%
of these statements are correct?Benjamin Franklin discovered Saturn and wanted to name it WashingtonNo
78%
of the following are methods of calculating distance in space used by scientists?Sending a probe to a nearby star system and seeing how long it takesNo
77%
of the following are active stars?MagnusNo
76%
of these statements are correct?Galileo Galilei discovered Jupiter's four largest moonsYes
75%
of these statements are correct?Michael Faraday discovered that magnets don't work in spaceNo
75%
of these statements are correct?Niels Bohr drew blueprints for a faster-than-light space shuttleNo
74%
of these statements are correct?James Watson helped build the first successfully-launched American rocket shipNo
73%
of these statements are correct?Isaac Newton formulated the law of Universal GravitationYes
72%
of the following are methods of calculating distance in space used by scientists?Using the Hubble constant, along with the redshift of a receding galaxyYes
69%
of the following are methods of calculating distance in space used by scientists?Firing a SONAR wave at a planet or star and waiting for it to echo backNo
67%
of these statements are correct?Louis Pasteur first recorded the Cosmic Microwave Background RadiationNo
67%
Have man-made machines (or actual humans) orbited, landed on, or flown by (or crashed into)?VenusYes
67%
Have man-made machines (or actual humans) orbited, landed on, or flown by (or crashed into)?JupiterYes
66%
of these statements are correct?Albert Einstein discovered Special RelativityYes
64%
of these statements are correct?Nicolaus Copernicus came up with the heliocentric modelYes
64%
of the following are methods of calculating distance in space used by scientists?Using the apparent size of a star or galaxy to tell how close it isNo
64%
Have man-made machines (or actual humans) orbited, landed on, or flown by (or crashed into)?SaturnYes
63%
of these statements are correct?Nikola Tesla made the first electron telescopeNo
62%
of these statements are correct?Stephen Hawking correctly predicted the existence of Hawking RadiationYes
62%
of the following are methods of calculating distance in space used by scientists?Using parallax over a six-month period to see the slight change in positionYes
62%
of the following are methods of calculating distance in space used by scientists?Comparing the absolute magnitude and the apparent magnitude of a starYes
58%
Have man-made machines (or actual humans) orbited, landed on, or flown by (or crashed into)?MercuryYes
55%
of the following are active stars?Sagittarius A*No
52%
of these statements are correct?Urbain Le Verrier predicted the position of Neptune based on variations in Uranus' orbitYes
50%
Have man-made machines (or actual humans) orbited, landed on, or flown by (or crashed into)?UranusYes
49%
Have man-made machines (or actual humans) orbited, landed on, or flown by (or crashed into)?NeptuneYes
48%
Have man-made machines (or actual humans) orbited, landed on, or flown by (or crashed into)?PlutoYes
46%
Have man-made machines (or actual humans) orbited, landed on, or flown by (or crashed into)?The SunYes
46%
Have man-made machines (or actual humans) orbited, landed on, or flown by (or crashed into)?TitanYes
45%
Have man-made machines (or actual humans) orbited, landed on, or flown by (or crashed into)?IoYes
36%
Have man-made machines (or actual humans) orbited, landed on, or flown by (or crashed into)?GanymedeYes
34%
Have man-made machines (or actual humans) orbited, landed on, or flown by (or crashed into)?CeresYes
28%
Have man-made machines (or actual humans) orbited, landed on, or flown by (or crashed into)?PhobosYes
26%

Score Distribution

Percentile by Number Answered

Percent of People with Each Score

Your Score History

You have not taken this quiz since the last reset